Quizzes
Events
Quiz Creation
Community
Videos
Private Events
Remove Ads
Sign In
Join for FREE
Feedback
Dark Mode
Quiz Categories
Sports
Geography
Music
Movies
Television
Just For Fun
Miscellaneous
History
Literature
Language
Science
Gaming
Entertainment
Religion
Holiday
For Kids
Quiz Lab
Recent
Popular Today
Quiz Kudos Today
Editor Picks
Curator Picks
Quizzes by...
Day
Popularity
Type
Ratings
Length
Year
Community
Subscriptions
Recent Discussions
Orange Saloon
Badges
Playlists
Quests
Create
Leaderboards
Showdown
Live 5
Trivia Bingo
Activity
Puzzle Library
Sporcle Events
Private Events
Virtual Trivia
Globe League
Become a Host
Pub Owners
SporcleCon
Opinionation
Our Games
Videos
Blog
Mobile Apps
Partnerships
Remove Ads and Go Orange
Feedback
Sports
Athletes
MLB
NBA
NHL
NFL
Soccer
Sports Teams
WWE
NCAA
Football
Premier League
Basketball
Baseball
Hockey
Golf
Tennis
Cricket
Rugby
Auto Racing
Olympics
World Cup
Sports
Athletes
MLB
NBA
NHL
NFL
Soccer
Sports Teams
WWE
NCAA
Football
Premier League
Basketball
Baseball
Hockey
Golf
Tennis
Cricket
Rugby
Auto Racing
Olympics
World Cup
Random Quiz
Search Sporcle
×
Quiz Lab
Quiz Lab
Sports
NBA
Type in answers that appear in a list
Type in answers that appear in a list
Classic
Best Score? Go Orange.
NBA Rosters Northwest Division 2018-19 Stats
Can you name the NBA Rosters Northwest Division 2018-19?
By
SporcleEXP
10m
83 Questions
573 Plays
573 Plays
573 Plays
Comments
Comments
Give Quiz Kudos
Give Quiz Kudos
-
- Ratings
hide this ad
Replay
Link that replays current quiz
Next Quiz
Link to next quiz in quiz playlist
You Got
0%
They Got
Avg Score
52%
Avg Friend Score
Upgrade to see
Score Distribution
Jump to the score distribution portion of the page
Score
0/83
Timer
10:00
0
Plays Today
Hint
Answer
% Correct
Denver Nuggets
Nikola Jokic
96.7%
Denver Nuggets
Jamal Murray
94.4%
Minnesota Timberwolves
Karl-Anthony Towns
94%
Oklahoma City Thunder
Russell Westbrook
93%
Portland Trail Blazers
Damian Lillard
91.9%
Portland Trail Blazers
CJ McCollum
90.4%
Utah Jazz
Rudy Gobert
89%
Oklahoma City Thunder
Steven Adams
88.3%
Oklahoma City Thunder
Paul George
88.1%
Minnesota Timberwolves
Andrew Wiggins
87.6%
Utah Jazz
Donovan Mitchell
87%
Denver Nuggets
Gary Harris
85.8%
Portland Trail Blazers
Jusuf Nurkic
85.8%
Denver Nuggets
Paul Millsap
81.3%
Utah Jazz
Ricky Rubio
81.3%
Utah Jazz
Joe Ingles
80.4%
Denver Nuggets
Will Barton
77.1%
Portland Trail Blazers
Al-Farouq Aminu
73.2%
Utah Jazz
Derrick Favors
71.8%
Minnesota Timberwolves
Jeff Teague
71.1%
Oklahoma City Thunder
Andre Roberson
70.1%
Oklahoma City Thunder
Jerami Grant
69.4%
Oklahoma City Thunder
Dennis Schroder
67.6%
Minnesota Timberwolves
Robert Covington
66.9%
Minnesota Timberwolves
Derrick Rose
66.5%
Denver Nuggets
Mason Plumlee
66.2%
Denver Nuggets
Juan Hernangomez
64.8%
Minnesota Timberwolves
Tyus Jones
62.9%
Hint
Answer
% Correct
Denver Nuggets
Monte Morris
62.2%
Minnesota Timberwolves
Gorgui Dieng
61.6%
Minnesota Timberwolves
Taj Gibson
61.1%
Minnesota Timberwolves
Dario Saric
61.1%
Portland Trail Blazers
Maurice Harkless
60.8%
Portland Trail Blazers
Zach Collins
59.9%
Utah Jazz
Dante Exum
59.5%
Oklahoma City Thunder
Alex Abrines
58.5%
Denver Nuggets
Isaiah Thomas
57.1%
Oklahoma City Thunder
Terrance Ferguson
56.2%
Portland Trail Blazers
Meyers Leonard
55%
Portland Trail Blazers
Evan Turner
53.9%
Denver Nuggets
Malik Beasley
53.6%
Utah Jazz
Jae Crowder
52.7%
Minnesota Timberwolves
Josh Okogie
51%
Portland Trail Blazers
Seth Curry
49.2%
Oklahoma City Thunder
Raymond Felton
48%
Oklahoma City Thunder
Nerlens Noel
46.6%
Oklahoma City Thunder
Patrick Patterson
45.9%
Utah Jazz
Kyle Korver
45.7%
Denver Nuggets
Torrey Craig
45.2%
Minnesota Timberwolves
CJ Williams
44.7%
Denver Nuggets
Michael Porter Jr.
44.1%
Denver Nuggets
Trey Lyles
42.4%
Utah Jazz
Raul Neto
42%
Utah Jazz
Thabo Sefolosha
42%
Oklahoma City Thunder
Hamidou Diallo
40.6%
Utah Jazz
Grayson Allen
40.6%
Hint
Answer
% Correct
Portland Trail Blazers
Jake Layman
39.2%
Utah Jazz
Royce O'Neale
38.4%
Minnesota Timberwolves
Luol Deng
34%
Minnesota Timberwolves
Anthony Tolliver
32%
Portland Trail Blazers
Anfernee Simons
31.9%
Portland Trail Blazers
Nik Stauskas
31.7%
Portland Trail Blazers
Gary Trent Jr.
31.7%
Utah Jazz
Ekpe Udoh
31.5%
Oklahoma City Thunder
Tyler Davis
31.3%
Portland Trail Blazers
Caleb Swanigan
31.2%
Utah Jazz
Georges Niang
29.6%
Oklahoma City Thunder
Abdel Nader
28.2%
Minnesota Timberwolves
Keita Bates-Diop
26.6%
Denver Nuggets
Jarred Vanderbilt
25.4%
Utah Jazz
Tony Bradley
25%
Oklahoma City Thunder
Deonte Burton
24.9%
Denver Nuggets
Tyler Lydon
24.5%
Oklahoma City Thunder
Timothe Luwawu-Cabarrot
22.6%
Minnesota Timberwolves
Jerryd Bayless
21.5%
Denver Nuggets
Thomas Welsh
20.1%
Portland Trail Blazers
Wade Baldwin IV
17.5%
Minnesota Timberwolves
Jared Terrell
15.2%
Denver Nuggets
DeVaugh Akoon-Purcell
13.8%
Minnesota Timberwolves
James Nunnally
13.7%
Utah Jazz
Naz Mitrou-Long
13.7%
Denver Nuggets
Brandon Goodwin
13.3%
Utah Jazz
Tyler Cavanaugh
11.7%
Quiz Playlist
Details
Report
Send in Message
Add To Playlist
Classic:
Type in answers that appear in a list
Last Updated: Dec 2, 2018
Quiz Scoreboard
CHALLENGE
Sign Up to Join the Scoreboard
Show All
Scores
Hide
Comments
May contain spoilers
Recently Published
Movies - When Are They Set?
by FPL_Elf
Movies
5m
Popular People in 1961
by mucciniale
History
6m
1-10 Letter E Words III
by El_Dandy
Language
2m
More to Explore
Quiz From the Vault
Featured Blog Post
Where Did the Easter Bunny Come From?
hide this ad
You Might Also Like...
Tags
NBA Quiz
Division
Northwest
Roster
Today's Top Quizzes in Sports
Browse Sports
hide this ad
Today's Top Quizzes in NBA
Browse NBA
Top Contributed Quizzes in Sports
1
Les meilleurs buteurs des matchs entre le PSG et l’OM
2
FIFA Club World Cup Champions
3
Les entraîneurs de l'OM et du PSG au 21e siècle
4
2022 World Cup Stars
5
Name the Premier League winners with different clubs
6
La finale Lions - Afrique du Sud 2021
7
Criteria MLB: Left Handed Sluggers
8
Les joueurs passés par le LOSC et le RC Lens
9
Players with Multiple 50 Home Run Seasons
10
MLB Players with Two .350 Batting Average Seasons
Explore More
Trending Topics
NBA
Crossword
Disney
Kpop
Harry Potter
Marvel
Anime
Song
WWE
Pokémon
The Office
NFL
Country
Soccer
Puzzle
hide this ad
More By:
SporcleEXP
Quiz
Plays
Rating
Category
Featured
Created
Harry Potter Deaths in Order Minefield
3,068,021
4.18
Literature
Jan 27, 2016
Sins, Dwarfs, and Spice Girls
847,245
4.42
Just For Fun
Apr 11, 2012
Ancient History Bunker
708,029
4.28
History
Jan 20, 2014
Movie Posters VI
678,970
4.37
Movies
Nov 12, 2010
Movie Posters VII
621,796
4.44
Movies
Apr 16, 2011
Go to Creator's Profile
Score Distribution
Quiz Creator Spotlight
SporcleEXP
Follow
Send a Message
Quizzes Created
-
Created Quiz Play Count
-
More By This Creator
Popular Quizzes Today
1
Find the Countries of Europe - No Outlines Minefield
2
Find the US States - No Outlines Minefield
3
The Countries of the World
4
Popular People in 1961
5
US States
6
1-10 Letter E Words III
7
Find the US States
8
One Thing in Common: World Cities II
More Sports Quizzes
Top Goalscorers World Cup 1986 Slideshow
Editor's Pick
Trending Quizzes
Risky Map Clicking: Least Populous States A-Z
1-10 Letter F Words
1-10 Letter G Words
One Thing in Common: United Kingdom
Risky Map Clicking: Next State Alphabetically
Recently Updated
Leaping Animals
pecheneg
Reality TV Shows (A-Z)
bhenderson79
Rickey Henderson's Hall of Fame Teammates
pecheneg
Champions League XIs: Arsenal
pecheneg
Quick Pick: Celebrities in WWE's Hall of Fame
aduchscher
A-Z Keypad Blitz II
pecheneg
Multiple Oscar Actors
pecheneg
Mystery Phrase Blitz: Oscar 'Best Actors'
pecheneg
F. Scott Fitzgerald Novels
LTH
Pick 3 Villains
ddd62291
Trending Topics
Harry Potter
Kpop
Crossword
Disney
Marvel
Anime
NBA
NFL
Song
The Office
Pokémon
WWE
Country
Soccer
Puzzle
Your Account Isn't Verified!
In order to create a playlist on Sporcle, you need to verify the email address you used during registration. Go to your
Sporcle Settings
to finish the process.
Report this User
Report this user for behavior that violates our
Community Guidelines
.
Details:
Send Report
Go to the Sporcle.com Mobile Site →
Comments